00246nam a2200121Ia 4500100002900000366000700029654001100036245002000047260001800067082001900085300000800104546001200112 aLutz/Mark/ Ascher/David  f20 apython aLearning Python bOreillyc2004 a005.133 PbLUT a591 aENGLISH